Ajuste estructural e informalidad en Guatemala /
Uloženo v:
| Hlavní autor: | |
|---|---|
| Médium: | Text |
| Témata: | |
| Tagy: |
Přidat tag
Žádné tagy, Buďte první, kdo vytvoří štítek k tomuto záznamu!
|
MARC
| LEADER | 00000 a a2200000 04500 | ||
|---|---|---|---|
| 001 | 42474 | ||
| 003 | |||
| 040 | |||
| 100 | |a Paz Antolín, María José | ||
| 245 | |a Ajuste estructural e informalidad en Guatemala / |c María José Paz Antolín | ||
| 650 | |a GUATEMALA | ||
| 650 | |a POLITICA ECONOMICA | ||
| 650 | |a AJUSTE ESTRUCTURAL | ||
| 773 | |g volumen39, número155 ( , 2008), páginas 153-179 | ||
| 999 | |c 38196 |d 38196 | ||
